[Event "Caioba Copel op"]
[Site "Caioba"]
[Date "2016.08.27"]
[Round "4"]
[White "Supi, Luis Paulo"]
[Black "Rodrigues, Edgar"]
[Result "1/2-1/2"]
[WhiteElo "2505"]
[BlackElo "2283"]
[PlyCount "188"]
[EventDate "2016.08.26"]
[EventType "swiss"]
[EventRounds "6"]
[EventCountry "BRA"]
[SourceTitle "CBM 174 Extra"]
[Source "ChessBase"]
[SourceDate "2016.10.10"]
[SourceVersion "1"]
[SourceVersionDate "2016.10.10"]
[SourceQuality "1"]

1. d4 Nf6 2. Nf3 d5 3. Bf4 e6 4. e3 c5 5. Nbd2 Nc6 6. c3 Be7 7. Bd3 Nh5 8. Bg3
Nxg3 9. hxg3 h6 10. dxc5 Bxc5 11. Qe2 Qb6 12. Nb3 Be7 13. Nbd4 Bf6 14. g4 g5
15. Nb5 Bd7 16. e4 dxe4 17. Nd6+ Ke7 18. Nxe4 Bg7 19. Ng3 Rac8 20. Rd1 Qc7 21.
Nf5+ Kf8 22. Nxg7 Kxg7 23. g3 Rcd8 24. Qe3 f6 25. Be2 Bc8 26. O-O Rxd1 27. Rxd1
Rd8 28. Nd4 Nxd4 29. cxd4 Qb6 30. Qe4 Qd6 31. Rc1 f5 32. Qe5+ Qxe5 33. dxe5 h5
34. Rc7+ Kh6 35. gxf5 exf5 36. Bc4 Bd7 37. Bd5 Bb5 38. Bxb7 Rd1+ 39. Kg2 Bf1+
40. Kh2 Rd2 41. a4 g4 42. e6 Bh3 43. Ba6 Rxf2+ 44. Kh1 h4 45. Rc3 Bg2+ 46. Kg1
Rxb2 47. gxh4 Bd5 48. e7 Bf7 49. Bb5 Kh5 50. Rc5 Rb1+ 51. Kf2 Rb2+ 52. Kg3 Rb3+
53. Kg2 Rb2+ 54. Kf1 Rb1+ 55. Ke2 Rb2+ 56. Ke3 Rb3+ 57. Kd4 Rf3 58. Bc4 Bg6 59.
Rc8 Kxh4 60. Rg8 Rf4+ 61. Ke5 Rxc4 62. Rxg6 Re4+ 63. Kxf5 Rxe7 64. Rxg4+ Kh5
65. Rg5+ Kh6 66. Rg6+ Kh7 67. Rg5 Rg7 68. Rh5+ Kg8 69. Ke6 Rg4 70. a5 Kf8 71.
Kd7 Rg7+ 72. Kc6 Ke7 73. Rh6 Kd8 74. Rh8+ Ke7 75. a6 Rg6+ 76. Kb7 Kd7 77. Rh7+
Kd8 78. Rh8+ Kd7 79. Rh7+ Kd8 80. Rh1 Rg7+ 81. Kb8 Kd7 82. Rc1 Kd6 83. Rc8 Rh7
84. Ka8 Kd7 85. Rb8 Rh6 86. Kxa7 Kc7 87. Rb7+ Kc8 88. Rg7 Rf6 89. Rg1 Rc6 90.
Ra1 Kc7 91. Ra2 Rc1 92. Ka8 Kb6 93. Kb8 Rh1 94. Rb2+ Kxa6 1/2-1/2

[Event "Caioba Copel op"]
[Site "Caioba"]
[Date "2016.08.28"]
[Round "5"]
[White "Supi, Luis Paulo"]
[Black "Cadilhac, Igor Tokuichi Kikuc"]
[Result "1-0"]
[WhiteElo "2505"]
[BlackElo "2269"]
[PlyCount "91"]
[EventDate "2016.08.26"]
[EventType "swiss"]
[EventRounds "6"]
[EventCountry "BRA"]
[SourceTitle "CBM 174 Extra"]
[Source "ChessBase"]
[SourceDate "2016.10.10"]
[SourceVersion "1"]
[SourceVersionDate "2016.10.10"]
[SourceQuality "1"]

1. d4 Nf6 2. Nf3 e6 3. Bg5 d5 4. Nbd2 Nbd7 5. e3 Be7 6. Bd3 O-O 7. c3 c5 8. Ne5
h6 9. Bf4 c4 10. Bc2 b5 11. g4 Bb7 12. Nxd7 Nxd7 13. Nf3 b4 14. g5 hxg5 15.
Nxg5 Bxg5 16. Qh5 Nf6 17. Qxg5 Ne4 18. Qxd8 Rfxd8 19. cxb4 f6 20. f3 Nd6 21.
Kd2 Kf7 22. h4 Rac8 23. a4 e5 24. dxe5 c3+ 25. bxc3 fxe5 26. Bg5 Nc4+ 27. Ke2
Rd6 28. Rac1 Nb6 29. a5 Ba6+ 30. Kf2 Nc4 31. e4 d4 32. cxd4 Rxd4 33. Rhd1 Rxd1
34. Bxd1 Rb8 35. Rb1 Kg6 36. Bc1 Bb5 37. Be2 Kh5 38. Bxc4 Bxc4 39. Be3 a6 40.
Rg1 Rxb4 41. Rxg7 Rb2+ 42. Kg3 Rb3 43. Rg5+ Kh6 44. Bc5 Be2 45. Rf5 Rd3 46. Kf2
1-0

[Event "Florianopolis op 3rd"]
[Site "Florianopolis"]
[Date "2017.01.20"]
[Round "1"]
[White "Supi, Luis Paulo"]
[Black "Ribeiro, Matheus Cavalcante"]
[Result "1-0"]
[WhiteElo "2513"]
[BlackElo "2149"]
[PlyCount "69"]
[EventDate "2017.01.20"]
[EventType "swiss"]
[EventRounds "10"]
[EventCountry "BRA"]
[SourceTitle "CBM 176 Extra"]
[Source "ChessBase"]
[SourceDate "2017.03.02"]
[SourceVersion "1"]
[SourceVersionDate "2017.03.02"]
[SourceQuality "1"]

1. d4 Nf6 2. Nf3 g6 3. g3 Bg7 4. Bg2 O-O 5. O-O d5 6. c4 c6 7. Qa4 dxc4 8. Qxc4
Be6 9. Qc2 Bf5 10. Qd1 Qc8 11. Nc3 Bh3 12. e4 Bxg2 13. Kxg2 c5 14. d5 Na6 15.
e5 Ng4 16. Qe2 Qf5 17. Nh4 Qc8 18. f4 Nc7 19. h3 Nh6 20. Be3 Rd8 21. Rfd1 b6
22. Qf3 Kh8 23. Rd2 f6 24. d6 exd6 25. exd6 Ne6 26. d7 Qa6 27. Qc6 Nf8 28. Ne4
Rab8 29. Bxc5 Rxd7 30. Rxd7 Nxd7 31. Bf2 Qd3 32. Re1 Ng8 33. Nd6 Bf8 34. Nc8
Bc5 35. Qc7 1-0

[Event "Florianopolis op 3rd"]
[Site "Florianopolis"]
[Date "2017.01.21"]
[Round "2"]
[White "Costa, Carlos Evanir"]
[Black "Supi, Luis Paulo"]
[Result "0-1"]
[WhiteElo "2204"]
[BlackElo "2513"]
[PlyCount "96"]
[EventDate "2017.01.20"]
[EventType "swiss"]
[EventRounds "10"]
[EventCountry "BRA"]
[SourceTitle "CBM 176 Extra"]
[Source "ChessBase"]
[SourceDate "2017.03.02"]
[SourceVersion "1"]
[SourceVersionDate "2017.03.02"]
[SourceQuality "1"]

1. d4 Nf6 2. Nf3 g6 3. g3 Bg7 4. Bg2 O-O 5. O-O d6 6. c4 Nbd7 7. Nc3 e5 8. e4
Re8 9. Re1 a5 10. dxe5 dxe5 11. Nd5 c6 12. Nxf6+ Bxf6 13. Be3 Qe7 14. Qc2 Nc5
15. Rad1 Be6 16. Bd2 Rec8 17. Bc3 Qc7 18. b3 b5 19. cxb5 cxb5 20. Qb2 Bg4 21.
Rd5 Be6 22. Rdd1 Na4 23. bxa4 Qxc3 24. Qxb5 Rab8 25. Qd3 Qb4 26. Rb1 Qxa4 27.
Rxb8 Rxb8 28. Qd6 Rd8 29. Qc5 Rd1 30. a3 Rxe1+ 31. Nxe1 Bd7 32. h4 Bc6 33. Qe3
Kg7 34. Qd3 Bb5 35. Qd6 Qc4 36. h5 gxh5 37. Qd1 a4 38. Qxh5 Qc1 39. Kh2 Qxe1
40. Qg4+ Kf8 41. Qc8+ Be8 42. Qc5+ Be7 43. Qxe5 f6 44. Qf4 Qa5 45. Qh6+ Kg8 46.
Bh3 Qg5 47. Be6+ Kh8 48. Qh3 Qh5 0-1

[Event "Florianopolis op 3rd"]
[Site "Florianopolis"]
[Date "2017.01.21"]
[Round "3"]
[White "Supi, Luis Paulo"]
[Black "Aranha Filho, Alvaro Zimmermann"]
[Result "1-0"]
[WhiteElo "2513"]
[BlackElo "2306"]
[PlyCount "55"]
[EventDate "2017.01.20"]
[EventType "swiss"]
[EventRounds "10"]
[EventCountry "BRA"]
[SourceTitle "CBM 176 Extra"]
[Source "ChessBase"]
[SourceDate "2017.03.02"]
[SourceVersion "1"]
[SourceVersionDate "2017.03.02"]
[SourceQuality "1"]

1. d4 Nf6 2. Nf3 d5 3. c4 e6 4. Nc3 c6 5. Qb3 Nbd7 6. Bf4 Be7 7. e3 Nh5 8. Be5
Nhf6 9. Bg3 Nh5 10. Be2 Nxg3 11. hxg3 Nf6 12. O-O-O dxc4 13. Qxc4 b5 14. Qd3 b4
15. Ne4 Nxe4 16. Qxe4 Qd5 17. Qc2 Bb7 18. Kb1 c5 19. Bc4 Qe4 20. Bd3 Qc6 21.
Ne5 Qxg2 22. e4 c4 23. Rdg1 Qxh1 24. Rxh1 cxd3 25. Qa4+ Kf8 26. f3 d2 27. Nd7+
Kg8 28. Qb5 1-0

[Event "Florianopolis op 3rd"]
[Site "Florianopolis"]
[Date "2017.01.23"]
[Round "5"]
[White "Supi, Luis Paulo"]
[Black "Shirov, Alexei"]
[Result "0-1"]
[WhiteElo "2513"]
[BlackElo "2683"]
[PlyCount "67"]
[EventDate "2017.01.20"]
[EventType "swiss"]
[EventRounds "10"]
[EventCountry "BRA"]
[SourceTitle "CBM 176 Extra"]
[Source "ChessBase"]
[SourceDate "2017.03.02"]
[SourceVersion "1"]
[SourceVersionDate "2017.03.02"]
[SourceQuality "1"]

1. d4 d5 2. Nf3 Nf6 3. c4 c6 4. Nc3 e6 5. e3 Nbd7 6. Be2 Bd6 7. Qc2 O-O 8. O-O
dxc4 9. a4 e5 10. Bxc4 Qc7 11. h3 b6 12. a5 b5 13. Bd3 a6 14. Ng5 g6 15. Nce4
c5 16. Nxd6 Qxd6 17. Ne4 Nxe4 18. Bxe4 Ra7 19. dxe5 Qxe5 20. f4 Qe7 21. Bf3 c4
22. e4 Nc5 23. Be3 Rd7 24. Rae1 Nd3 25. Re2 Bb7 26. e5 Nb4 27. Qb1 Bxf3 28.
Rxf3 Rd3 29. Rff2 Rfd8 30. Bd2 Nc6 31. Qd1 b4 32. Kh2 c3 33. bxc3 bxc3 34. f5
0-1

[Event "Florianopolis op 3rd"]
[Site "Florianopolis"]
[Date "2017.01.23"]
[Round "6"]
[White "Villalba, Marcelo"]
[Black "Supi, Luis Paulo"]
[Result "0-1"]
[WhiteElo "2255"]
[BlackElo "2513"]
[PlyCount "136"]
[EventDate "2017.01.20"]
[EventType "swiss"]
[EventRounds "10"]
[EventCountry "BRA"]
[SourceTitle "CBM 176 Extra"]
[Source "ChessBase"]
[SourceDate "2017.03.02"]
[SourceVersion "1"]
[SourceVersionDate "2017.03.02"]
[SourceQuality "1"]

1. e4 c5 2. Nf3 e6 3. d4 cxd4 4. Nxd4 a6 5. Nc3 Qc7 6. Bd3 Nf6 7. f4 d6 8. Qf3
b5 9. Bd2 Bb7 10. O-O Nbd7 11. Rae1 Be7 12. a3 Nc5 13. b4 Nxd3 14. cxd3 O-O 15.
Rc1 Qd8 16. Nb3 Rc8 17. Na5 Ba8 18. Ne2 Qd7 19. Qf2 Rxc1 20. Rxc1 Rb8 21. h3 h6
22. Nd4 Rc8 23. Qe1 Ne8 24. Rxc8 Qxc8 25. Qc1 Qd7 26. Be3 Bd8 27. Ndb3 f5 28.
exf5 exf5 29. Nd4 Nf6 30. Ndc6 Bc7 31. Nd4 Kh7 32. Nab3 Nd5 33. Bf2 Ne7 34. Qe3
Bd5 35. Nd2 Bb6 36. Qe2 Ng6 37. g3 Qc8 38. N4f3 Qc1+ 39. Kg2 Bxf2 40. Kxf2 Qb2
41. h4 Nf8 42. Nf1 Qxa3 43. Ne3 Be6 44. Nc2 Qa2 45. Nfd4 Qd5 46. Qf3 Qxf3+ 47.
Kxf3 Kg6 48. Ne3 Kf6 49. Kf2 Nd7 50. g4 fxg4 51. f5 Ba2 52. Nxg4+ Kf7 53. Nf3
Nf6 54. Nxf6 Kxf6 55. Nd4 Ke5 56. Ke3 h5 57. Nc6+ Kxf5 58. Nb8 Kf6 59. Nc6 Bd5
60. Nd4 Ke5 61. Ne2 Kf5 62. Nf4 Bf7 63. Kf3 g5 64. hxg5 Kxg5 65. Nh3+ Kf5 66.
Ke3 h4 67. Nf2 Bd5 68. Kd4 Bg2 0-1

[Event "Florianopolis op 3rd"]
[Site "Florianopolis"]
[Date "2017.01.24"]
[Round "7"]
[White "Supi, Luis Paulo"]
[Black "Perdomo, Leandro Daniel"]
[Result "0-1"]
[WhiteElo "2513"]
[BlackElo "2459"]
[PlyCount "45"]
[EventDate "2017.01.20"]
[EventType "swiss"]
[EventRounds "10"]
[EventCountry "BRA"]
[SourceTitle "CBM 176 Extra"]
[Source "ChessBase"]
[SourceDate "2017.03.02"]
[SourceVersion "1"]
[SourceVersionDate "2017.03.02"]
[SourceQuality "1"]

1. d4 Nf6 2. Nf3 g6 3. g3 Bg7 4. Bg2 O-O 5. c4 d6 6. O-O Nbd7 7. Nc3 e5 8. e4
c6 9. Rb1 Re8 10. h3 exd4 11. Nxd4 Nc5 12. Re1 Nfd7 13. Be3 Ne5 14. b3 a5 15.
Re2 g5 16. Rd2 Ng6 17. f3 a4 18. Qf1 axb3 19. axb3 h5 20. f4 gxf4 21. gxf4 Bh6
22. Nde2 Na6 23. Rbd1 0-1

[Event "Florianopolis op 3rd"]
[Site "Florianopolis"]
[Date "2017.01.25"]
[Round "8"]
[White "Aguiar, Cristiano"]
[Black "Supi, Luis Paulo"]
[Result "0-1"]
[WhiteElo "2200"]
[BlackElo "2513"]
[PlyCount "49"]
[EventDate "2017.01.20"]
[EventType "swiss"]
[EventRounds "10"]
[EventCountry "BRA"]
[SourceTitle "CBM 176 Extra"]
[Source "ChessBase"]
[SourceDate "2017.03.02"]
[SourceVersion "1"]
[SourceVersionDate "2017.03.02"]
[SourceQuality "1"]

1. Nf3 Nf6 2. b3 d6 3. d4 g6 4. Bb2 Bg7 5. e3 O-O 6. c4 c5 7. Be2 cxd4 8. exd4
d5 9. O-O Nc6 10. Ne5 dxc4 11. Nxc4 Be6 12. Ne5 Rc8 13. Na3 Bd5 14. Qd3 Qc7 15.
Rac1 Rfd8 16. Qe3 a6 17. Nac4 b5 18. Nxc6 Qxc6 19. Ne5 Qb7 20. g4 Qb6 21. g5
Ne8 22. Bg4 e6 23. Rxc8 Rxc8 24. Rc1 b4 25. h4 0-1

[Event "Florianopolis op 3rd"]
[Site "Florianopolis"]
[Date "2017.01.25"]
[Round "9"]
[White "Supi, Luis Paulo"]
[Black "Mahia, Gustavo"]
[Result "1-0"]
[WhiteElo "2513"]
[BlackElo "2360"]
[PlyCount "77"]
[EventDate "2017.01.20"]
[EventType "swiss"]
[EventRounds "10"]
[EventCountry "BRA"]
[SourceTitle "CBM 176 Extra"]
[Source "ChessBase"]
[SourceDate "2017.03.02"]
[SourceVersion "1"]
[SourceVersionDate "2017.03.02"]
[SourceQuality "1"]

1. d4 Nf6 2. Nf3 g6 3. g3 Bg7 4. Bg2 O-O 5. O-O d6 6. c4 Nbd7 7. Nc3 e5 8. e4
c6 9. Rb1 exd4 10. Nxd4 Nc5 11. h3 Re8 12. Re1 a5 13. b3 Nfd7 14. Be3 Ne5 15.
Re2 Qf6 16. f4 Ned3 17. Rd2 Qxd4 18. Bxd4 Bxd4+ 19. Kh2 Bxc3 20. Rxd3 Nxd3 21.
Qxd3 Bb4 22. h4 Bg4 23. Bh3 Bxh3 24. Kxh3 Re7 25. Kg2 Rae8 26. Kf3 f5 27. exf5
Bc5 28. Kg4 Re3 29. Qd1 gxf5+ 30. Kh3 Re2 31. Rc1 Rxa2 32. Rc2 Rxc2 33. Qxc2
Re4 34. Qd1 Re3 35. Qb1 Re4 36. Qa1 Re3 37. Qf6 Rxb3 38. h5 Bf2 39. Kg2 1-0

[Event "Florianopolis op 3rd"]
[Site "Florianopolis"]
[Date "2017.01.26"]
[Round "10"]
[White "Guimaraes, Diogo Duarte"]
[Black "Supi, Luis Paulo"]
[Result "1/2-1/2"]
[WhiteElo "2219"]
[BlackElo "2513"]
[PlyCount "83"]
[EventDate "2017.01.20"]
[EventType "swiss"]
[EventRounds "10"]
[EventCountry "BRA"]
[SourceTitle "CBM 176 Extra"]
[Source "ChessBase"]
[SourceDate "2017.03.02"]
[SourceVersion "1"]
[SourceVersionDate "2017.03.02"]
[SourceQuality "1"]

1. e4 c5 2. Nf3 e6 3. g3 Nc6 4. Bg2 Nf6 5. Nc3 Be7 6. O-O d6 7. Re1 e5 8. a3
O-O 9. Nd5 Nxd5 10. exd5 Nd4 11. c3 Nxf3+ 12. Bxf3 f5 13. d4 cxd4 14. cxd4 e4
15. Bg2 Bf6 16. Be3 Qb6 17. Qa4 Rd8 18. Rec1 Bd7 19. Qb4 Rac8 20. Rc3 Qxb4 21.
axb4 a6 22. Rac1 Rxc3 23. bxc3 b5 24. f3 exf3 25. Bxf3 Rc8 26. Bd2 Rd8 27. Kf2
Kf7 28. h4 Bc8 29. Bh5+ g6 30. Bf3 Bb7 31. Bf4 Be7 32. Ke3 Ke8 33. Kd2 Kd7 34.
Re1 Ra8 35. Ra1 Ke8 36. Kd3 Kf7 37. Bh6 Bd8 38. Bf4 Be7 39. Bh6 Ke8 40. Re1 Kd7
41. Ra1 Bd8 42. Bf4 1/2-1/2

[Event "Cuiaba Contaud op"]
[Site "Cuiaba"]
[Date "2017.07.28"]
[Round "1"]
[White "Supi, Luis Paulo"]
[Black "Patino, Adilia"]
[Result "1-0"]
[WhiteElo "2516"]
[BlackElo "1945"]
[PlyCount "25"]
[EventDate "2017.07.28"]
[EventType "swiss"]
[EventRounds "6"]
[EventCountry "BRA"]
[SourceTitle "EXT 2018"]
[Source "ChessBase"]
[SourceDate "2017.10.13"]
[SourceVersion "1"]
[SourceVersionDate "2017.10.13"]
[SourceQuality "1"]

1. g3 Nf6 2. Bg2 d5 3. Nf3 c5 4. O-O Nc6 5. d4 e6 6. c4 Nxd4 7. Nxd4 Be7 8. Nc3
Qb6 9. Ndb5 O-O 10. Be3 Qa5 11. Nxd5 Nxd5 12. cxd5 exd5 13. Nd4 1-0

[Event "Cuiaba Contaud op"]
[Site "Cuiaba"]
[Date "2017.07.28"]
[Round "2"]
[White "Guimaraes, Wagner Peixoto"]
[Black "Supi, Luis Paulo"]
[Result "0-1"]
[WhiteElo "2196"]
[BlackElo "2516"]
[PlyCount "40"]
[EventDate "2017.07.28"]
[EventType "swiss"]
[EventRounds "6"]
[EventCountry "BRA"]
[SourceTitle "EXT 2018"]
[Source "ChessBase"]
[SourceDate "2017.10.13"]
[SourceVersion "1"]
[SourceVersionDate "2017.10.13"]
[SourceQuality "1"]

1. e4 c5 2. c3 d5 3. exd5 Qxd5 4. d4 Nf6 5. Nf3 e6 6. Na3 Qd8 7. Bb5+ Bd7 8.
dxc5 Bxc5 9. Bxd7+ Nbxd7 10. Nc2 O-O 11. O-O Qc7 12. Qe2 Rfe8 13. Bg5 h6 14.
Bh4 Rac8 15. Rad1 a6 16. Bg3 e5 17. Rfe1 Qc6 18. Ne3 Qe6 19. a3 Ne4 20. Qd3
Ndf6 {Planilha ilegivel} 0-1

[Event "Cuiaba Contaud op"]
[Site "Cuiaba"]
[Date "2017.07.29"]
[Round "3"]
[White "Supi, Luis Paulo"]
[Black "Fajardo Freire, Joao Alfredo Castel"]
[Result "1-0"]
[WhiteElo "2516"]
[BlackElo "2120"]
[PlyCount "66"]
[EventDate "2017.07.28"]
[EventType "swiss"]
[EventRounds "6"]
[EventCountry "BRA"]
[SourceTitle "EXT 2018"]
[Source "ChessBase"]
[SourceDate "2017.10.13"]
[SourceVersion "1"]
[SourceVersionDate "2017.10.13"]
[SourceQuality "1"]

1. c4 Nf6 2. Nc3 e6 3. d4 Bb4 4. e3 O-O 5. Bd3 c5 6. Nf3 d5 7. O-O cxd4 8. exd4
dxc4 9. Bxc4 Na6 10. Qe2 Nc7 11. Bg5 Be7 12. Rad1 Ncd5 13. Bc1 Bd7 14. Ne5 Rc8
15. f4 Nxc3 16. bxc3 Nd5 17. Bb2 Rxc4 18. Qxc4 Ne3 19. Qb3 Nxf1 20. Rxf1 Bc6
21. f5 Qd5 22. Nxc6 Qxc6 23. Re1 Bh4 24. g3 Bg5 25. fxe6 Qf3 26. exf7+ Kh8 27.
Qe6 h6 28. Qe8 Kh7 29. Qxf8 Be3+ 30. Rxe3 Qxe3+ 31. Kf1 Qd3+ 32. Kf2 Qd2+ 33.
Kf3 Kg6 1-0

[Event "Cuiaba Contaud op"]
[Site "Cuiaba"]
[Date "2017.07.29"]
[Round "4"]
[White "Perdomo, Leandro Daniel"]
[Black "Supi, Luis Paulo"]
[Result "0-1"]
[WhiteElo "2466"]
[BlackElo "2516"]
[PlyCount "56"]
[EventDate "2017.07.28"]
[EventType "swiss"]
[EventRounds "6"]
[EventCountry "BRA"]
[SourceTitle "EXT 2018"]
[Source "ChessBase"]
[SourceDate "2017.10.13"]
[SourceVersion "1"]
[SourceVersionDate "2017.10.13"]
[SourceQuality "1"]

1. d4 Nf6 2. c4 g6 3. Nc3 Bg7 4. e4 d6 5. f3 O-O 6. Be3 c5 7. dxc5 dxc5 8. e5
Nfd7 9. f4 f6 10. exf6 Nxf6 11. Qxd8 Rxd8 12. Bxc5 Nc6 13. Nf3 b6 14. Ba3 Ng4
15. Rc1 e5 16. h3 Ne3 17. Nd5 exf4 18. Nxe3 fxe3 19. c5 Bb7 20. Bb5 bxc5 21.
Rxc5 Nd4 22. Nxd4 Bxd4 23. Rc7 Bxg2 24. Bd7 Kh8 25. Rg1 Bf3 26. Be7 Rac8 27.
Bd6 Rxc7 28. Bxc7 Rc8 {Ilegivel} 0-1

[Event "Cuiaba Contaud op"]
[Site "Cuiaba"]
[Date "2017.07.30"]
[Round "5"]
[White "Supi, Luis Paulo"]
[Black "El Debs, Felipe de Cresce"]
[Result "1-0"]
[WhiteElo "2516"]
[BlackElo "2531"]
[PlyCount "64"]
[EventDate "2017.07.28"]
[EventType "swiss"]
[EventRounds "6"]
[EventCountry "BRA"]
[SourceTitle "EXT 2018"]
[Source "ChessBase"]
[SourceDate "2017.10.13"]
[SourceVersion "1"]
[SourceVersionDate "2017.10.13"]
[SourceQuality "1"]

1. e4 c5 2. Nf3 g6 3. d4 cxd4 4. Nxd4 Bg7 5. Nc3 Nc6 6. Be3 Nf6 7. Bc4 O-O 8.
Bb3 Re8 9. h4 e6 10. h5 Nxh5 11. Qd2 d5 12. Nxc6 bxc6 13. O-O-O Qa5 14. Bh6
Bxc3 15. bxc3 Nf6 16. exd5 Nxd5 17. Kb2 e5 18. Rh4 Be6 19. Rdh1 f6 20. Bg7 h5
21. Qh6 Kf7 22. Qh7 Qxc3+ 23. Kb1 Bg4 24. Bf8+ Ke6 25. Qg8+ Kf5 26. f3 Bxf3 27.
gxf3 Rxf8 28. Qh7 Qxf3 29. Rxh5+ Ke6 30. R5h3 Qf4 31. Qb7 Kd6 32. Rh7 Rfc8 1-0

[Event "Cuiaba Contaud op"]
[Site "Cuiaba"]
[Date "2017.07.30"]
[Round "6"]
[White "Leitao, Rafael Duailibe"]
[Black "Supi, Luis Paulo"]
[Result "1/2-1/2"]
[WhiteElo "2618"]
[BlackElo "2516"]
[PlyCount "41"]
[EventDate "2017.07.28"]
[EventType "swiss"]
[EventRounds "6"]
[EventCountry "BRA"]
[SourceTitle "EXT 2018"]
[Source "ChessBase"]
[SourceDate "2017.10.13"]
[SourceVersion "1"]
[SourceVersionDate "2017.10.13"]
[SourceQuality "1"]

1. d4 Nf6 2. Nf3 g6 3. Bf4 Bg7 4. c3 d6 5. h3 O-O 6. e3 b6 7. a4 a6 8. Be2 Bb7
9. O-O Nbd7 10. Nbd2 Qe8 11. Bh2 e5 12. a5 b5 13. c4 exd4 14. exd4 bxc4 15.
Bxc4 Bd5 16. Qa4 Nb8 17. Qb3 Qc6 18. Rfc1 Ra7 19. Rc3 Bxc4 20. Rxc4 Qb7 21. Qc2
1/2-1/2

[Event "86th ch-BRA 2020"]
[Site "Natal BRA"]
[Date "2020.01.11"]
[Round "1.1"]
[White "Mourao, I."]
[Black "Supi, L."]
[Result "0-1"]
[WhiteElo "2112"]
[BlackElo "2577"]
[PlyCount "78"]
[EventDate "2020.01.10"]
[EventType "k.o."]
[EventRounds "4"]
[EventCountry "BRA"]
[SourceTitle "The Week in Chess 1314"]
[Source "Mark Crowther"]
[SourceDate "2020.01.13"]
[SourceVersion "1"]
[SourceVersionDate "2020.01.13"]
[SourceQuality "2"]

1. d4 Nf6 2. c4 e6 3. Nc3 Bb4 4. g3 O-O 5. Bg2 Bxc3+ 6. bxc3 d6 7. Nf3 Nc6 8.
O-O e5 9. dxe5 dxe5 10. Rb1 Rb8 11. Nd2 Bf5 12. Rb2 e4 13. Nb3 Ne5 14. Na5 b6
15. Bf4 Qxd1 16. Rxd1 Rfd8 17. Rbd2 Rxd2 18. Rxd2 bxa5 19. Bxe5 Nd7 20. g4 Rb1+
21. Bf1 Bxg4 22. Kg2 c5 23. Bc7 h5 24. f3 Be6 25. fxe4 a4 26. e3 Rc1 27. Kf2
Rxc3 28. e5 g6 29. Bg2 Nb6 30. Rd8+ Kg7 31. Bd5 Nxc4 32. Bxc4 Rxc4 33. a3 g5
34. Bd6 Kg6 35. e4 Rxe4 36. Bxc5 Rxe5 37. Bxa7 Rf5+ 38. Kg1 Rf3 39. Bc5 Bh3 0-1

[Event "86th ch-BRA 2020"]
[Site "Natal BRA"]
[Date "2020.01.11"]
[Round "1.2"]
[White "Supi, L."]
[Black "Mourao, I."]
[Result "1/2-1/2"]
[WhiteElo "2577"]
[BlackElo "2112"]
[PlyCount "27"]
[EventDate "2020.01.10"]
[EventType "k.o."]
[EventRounds "4"]
[EventCountry "BRA"]
[SourceTitle "The Week in Chess 1314"]
[Source "Mark Crowther"]
[SourceDate "2020.01.13"]
[SourceVersion "1"]
[SourceVersionDate "2020.01.13"]
[SourceQuality "2"]

1. c4 e5 2. d3 Nc6 3. Nf3 g6 4. Nc3 Bg7 5. g3 Nge7 6. Bg2 d6 7. Rb1 a5 8. a3
Nd4 9. Nd2 c6 10. b4 axb4 11. axb4 O-O 12. Bb2 f5 13. e3 Ne6 14. O-O 1/2-1/2

[Event "86th ch-BRA 2020"]
[Site "Natal BRA"]
[Date "2020.01.13"]
[Round "2.1"]
[White "Supi, L."]
[Black "Martins, Vin"]
[Result "1-0"]
[WhiteElo "2577"]
[BlackElo "2309"]
[PlyCount "43"]
[EventDate "2020.01.10"]
[EventType "k.o."]
[EventRounds "4"]
[EventCountry "BRA"]
[SourceTitle "The Week in Chess 1314"]
[Source "Mark Crowther"]
[SourceDate "2020.01.13"]
[SourceVersion "1"]
[SourceVersionDate "2020.01.13"]
[SourceQuality "2"]

1. e4 e5 2. Nf3 Nc6 3. Bc4 Bc5 4. O-O Nf6 5. d3 O-O 6. Bg5 h6 7. Bh4 Be7 8. Bg3
d6 9. a4 Na5 10. Ba2 c5 11. h3 Be6 12. Nbd2 Nc6 13. c3 Qd7 14. Nc4 Nh7 15. Ne3
Bg5 16. Nxg5 Nxg5 17. f4 exf4 18. Bxf4 Bxa2 19. Rxa2 Ne7 20. Qb3 Ne6 21. Bg3
Nc7 22. Raa1 1-0

[Event "III Duchamp Int Open 2019"]
[Site "Rio de Janeiro BRA"]
[Date "2019.12.09"]
[Round "4.2"]
[White "Supi, L."]
[Black "Vazquez, Guillermo"]
[Result "0-1"]
[WhiteElo "2578"]
[BlackElo "2506"]
[PlyCount "78"]
[EventDate "2019.12.07"]
[EventType "swiss"]
[EventRounds "9"]
[EventCountry "BRA"]
[SourceTitle "The Week in Chess 1310"]
[Source "Mark Crowther"]
[SourceDate "2019.12.16"]
[SourceVersion "1"]
[SourceVersionDate "2019.12.16"]
[SourceQuality "2"]

1. d4 Nf6 2. c4 e6 3. Nc3 Bb4 4. g3 O-O 5. Bg2 d5 6. Nf3 dxc4 7. O-O Nc6 8. Qa4
Nd5 9. Qc2 Be7 10. Rd1 b6 11. h4 h6 12. e4 Ndb4 13. Qe2 Ba6 14. d5 exd5 15.
exd5 Na5 16. Nd4 Bf6 17. Nf5 Bc8 18. Qg4 Bxf5 19. Qxf5 g6 20. Qh3 Bg7 21. h5 g5
22. d6 Nd3 23. dxc7 Qxc7 24. Bxa8 Rxa8 25. Be3 Nc6 26. Rab1 Rd8 27. Qg2 Qc8 28.
Ne2 Nce5 29. Bd4 Qg4 30. Bxe5 Qxe2 31. Bxg7 Kxg7 32. f3 Qe3+ 33. Kh2 Rd4 34.
Rf1 b5 35. Rbd1 b4 36. Qc2 a5 37. Kg2 g4 38. fxg4 Rxg4 39. Rf3 Nf4+ 0-1

[Event "III Duchamp Int Open 2019"]
[Site "Rio de Janeiro BRA"]
[Date "2019.12.11"]
[Round "7.1"]
[White "Martinez Alcantara, Jose Eduardo"]
[Black "Supi, L."]
[Result "1/2-1/2"]
[WhiteElo "2592"]
[BlackElo "2578"]
[PlyCount "132"]
[EventDate "2019.12.07"]
[EventType "swiss"]
[EventRounds "9"]
[EventCountry "BRA"]
[SourceTitle "The Week in Chess 1310"]
[Source "Mark Crowther"]
[SourceDate "2019.12.16"]
[SourceVersion "1"]
[SourceVersionDate "2019.12.16"]
[SourceQuality "2"]

1. c4 e5 2. Nc3 Nf6 3. Nf3 Nc6 4. d3 d5 5. cxd5 Nxd5 6. g3 Be7 7. Bg2 Be6 8.
O-O O-O 9. d4 exd4 10. Nxd4 Nxd4 11. Qxd4 Bf6 12. Qc5 Nxc3 13. bxc3 c6 14. Rb1
b6 15. Qa3 Qc8 16. Be3 Bc4 17. Bf3 Qe6 18. Rbd1 Bxa2 19. Rd6 Qe7 20. Bf4 Bd5
21. Bxd5 cxd5 22. Ra1 Qxe2 23. Rxd5 Qf3 24. Rd7 a5 25. Rb1 Rae8 26. Qb3 Re6 27.
Bd2 h6 28. c4 Qxb3 29. Rxb3 a4 30. Ra3 Ra8 31. Be3 Rc6 32. Rb7 Bd8 33. Kg2 Rxc4
34. Bxb6 Rb4 35. Ra7 Rxa7 36. Bxa7 Bf6 37. Bc5 Rb5 38. Bd6 Ra5 39. Ra2 Ra6 40.
Bb4 Bd4 41. Rd2 Be5 42. Re2 Bd6 43. Re8+ Kh7 44. Bxd6 Rxd6 45. Ra8 Rd4 46. Ra6
g5 47. h3 h5 48. Kf3 Rb4 49. Ke3 h4 50. Kf3 Kg7 51. Kg2 f6 52. Ra7+ Kf8 53. f4
Rb2+ 54. Kg1 Ra2 55. fxg5 fxg5 56. gxh4 gxh4 57. Kf1 Ke8 58. Ke1 Kd8 59. Kd1
Ra3 60. Kd2 Kc8 61. Ra5 Kb7 62. Rb5+ Ka6 63. Rb4 Ka5 64. Rxh4 Rb3 65. Kc2 Rb5
66. Rh8 Kb4 1/2-1/2